000
00329 a2200145 4500
001
192068
020
_a
978-85-912524-0-4
040
_c
Magnum
100
_a
Oliveira, Francirene Gripp de
240
1
0
_a
Trililili paralelá
_l
por
245
1
0
_a
Trililili paralelá
300
_a
44
697
_a
LITERATURA INFANTO
942
_c
BK
999
_c
192068
_d
192068